| 000 | 01179nam a22003257a 4500 | ||
|---|---|---|---|
| 001 | 5214 | ||
| 003 | FISKH | ||
| 005 | 20241119110811.0 | ||
| 008 | 241119b cb ||||| |||| 00| 0 eng d | ||
| 020 | _a356590124051 | ||
| 040 |
_aFISKH _beng _cFISKH _dFISKH |
||
| 050 | _aTA1675 | ||
| 082 | _a621.366 | ||
| 100 | _aMyring, Lynn | ||
| 245 |
_aLasers : _bWhat they can do and how they work / _cby Lynn Myring and Maurice Kimmitt |
||
| 250 | _aFirst published in 1984 | ||
| 260 |
_aLondon : _bUsborne Publishing Ltd ; _c1984 . |
||
| 300 |
_a48 pages : _bcolor illustrations ; _c25 cm . |
||
| 490 | _aUsborne Introductions | ||
| 505 | _aX | ||
| 520 | _aFrom how laser light is produced to the amazing holograms (3-D pictures) it produces, The Usborne Introduction to Lasers shows how the very special qualities of light can be applied to medicine and heavy industry amongst many other areas. | ||
| 521 | 8 |
_a890
_bLexile estimate |
|
| 521 | 8 |
_aX
_bRaz-Plus |
|
| 650 |
_alasers _vnon-fiction |
||
| 650 |
_ascience _vnon-fiction |
||
| 700 |
_aLyon, Chris _eillustrator |
||
| 700 |
_aNewton, Martin _eillustrator |
||
| 942 |
_2ddc _cBK _n0 |
||
| 999 |
_c5214 _d5214 |
||